Nommez une sous-préfecture valide (3) - Statistiques

Statistiques générales
  • Ce quiz a été pris 32 fois
  • Le résultat moyen est 5 sur 14
Statistiques - réponses
Critère # Sous-préfecture % Correct
En Alsace 7 Altkirch / Haguenau / Molsheim / Mulhouse / Saverne / Sélestat / Thann
85%
Dans le même département que Saint-Étienne 2 Montbrison / Roanne
73%
Avec un musée consacré à l'automobile 6 Boulogne-Billancourt / Châtellerault / Compiègne / Molsheim / Mulhouse / Reims / Romorantin-Lanthenay
69%
Dans un parc naturel régional en Hauts-de-France 3 Abbeville / Avesnes-sur-Helpe / Saint-Omer
54%
Avec un zoo 4 La Flèche / Les Sables-d'Olonne / Mulhouse / Rambouillet
46%
Avec la même initiale que son département 9 Cognac / Confolens / Die / Étampes / Issoudun / Mayenne / Prades / Saint-Denis / Saint-Jean-de-Maurienne
27%
À moins de 5 km d'une autre sous-préfecture 2 Antony / L'Haÿ-les-Roses
23%
Finissant par un I 3 Calvi / Cambrai / Douai
23%
Avec une place à son nom à Paris 4 Le Havre / Valenciennes / Vendôme / Verdun
23%
Arrêt de la liaison TER Tours <-> Nevers 1 Vierzon
19%
Sur la Via Podiensis (Chemin de Saint-Jacques du Puy-en-Velay à l'Espagne) 2 Condom / Figeac
15%
Dans une unité urbaine dont la ville principale est étrangère 2 Forbach / Saint-Julien-en-Genevois
15%
À plus de 70 km d'une préfecture 4 Bayonne / Boulogne-sur-Mer / Calais / Montreuil-sur-Mer
12%
Ville natale d'une président de la République 1 Le Havre
4%
Aucun quiz correspondant
Distribution des résultats
% des personnes avec chaque résultat
Percentile par nombre de réponses
Votre historique - résultats
Vous n’avez pas pris ce quiz